Social Appraisal of Projects / A Text in Cost Benefit Analysis (Record no. 4040)
[ view plain ]
| 000 -LEADER | |
|---|---|
| fixed length control field | 01295cam a22002054a 4500 |
| 005 - ΗΜΕΡΟΜΗΝΙΑ ΚΑΙ ΩΡΑ ΤΕΛΕΥΤΑΙΑΣ ΕΝΗΜΕΡΩΣΗΣ | |
| Πεδίο ελέγχου | 20250605164134.0 |
| 008 - FIXED-LENGTH DATA ELEMENTS--GENERAL INFORMATION | |
| Πεδίο ελέγχου σταθερού μήκους | 250528s ||||||||||||||||||||||||d |
| 035 ## - SYSTEM CONTROL NUMBER | |
| System control number | 18715 |
| 020 ## - ISBN | |
| ISBN | 333193040 |
| 040 ## - ΠΗΓΗ ΚΑΤΑΛΟΓΟΓΡΑΦΗΣΗΣ | |
| Φορέας πρωτότυπης καταλογογράφησης | MC Athens Campus Library |
| Γλώσσα καταλογογράφησης | Ελληνικά, Μοντέρνα (1453-) |
| Modifying agency | MC Athens Campus Library |
| Κανόνες περιγραφικής καταλογογράφησης | AACR2 |
| 245 1# - ΤΙΤΛΟΣ ΚΑΙ ΔΗΛΩΣΗ ΥΠΕΥΘΥΝΟΤΗΤΑΣ | |
| Τίτλος | Social Appraisal of Projects / A Text in Cost Benefit Analysis |
| 260 ## - PUBLICATION, DISTRIBUTION, ETC. | |
| Name of publisher, distributor, etc. | Macmillan Press Ltd, |
| Date of publication, distribution, etc. | 1981 |
| 300 ## - PHYSICAL DESCRIPTION | |
| Extent | 226 |
| 520 ## - SUMMARY, ETC. | |
| Summary, etc. | This book is an up-to-date text in cost-benefit analysis with an emphasis on the underlying theory of welfare economics that is essential to an understanding of the subject. Preface, The Rationale of Cost-Benefit Analysis, The Welfare Foundations of Cost-Benefit Analysis, Investment Criteria in the Public Sector, Risk and Uncertainty, Valuing Costs and Benefits When Prices Change, Shadow Pricing, Externalities and Public Goods, The Social Discount Rate, Social Appraisal of Projects in Developing Countries, Cost-Benefit Analysis in Practice: The Social Appraisal of Transport Projects, Cost-Benefit Analysis in Practice: The Social Appraisal of Materials Recycling, Cost-Benefit Analysis in Practice: The Social Appraisal of Nuclear Power, Notes, References, Index. |
| 700 1# - ΠΡΟΣΘΕΤΗ ΑΝΑΓΡΑΦΗ--ΦΥΣΙΚΟ ΠΡΟΣΩΠΟ | |
| Personal name | Nash C. A |
| 9 (RLIN) | 4967 |
| 700 1# - ΠΡΟΣΘΕΤΗ ΑΝΑΓΡΑΦΗ--ΦΥΣΙΚΟ ΠΡΟΣΩΠΟ | |
| Personal name | Pearce D. W |
| 9 (RLIN) | 4968 |
| 942 ## - ADDED ENTRY ELEMENTS (KOHA) | |
| Koha item type | Books |
| Τύπος τεκμηρίου | Βιβλιοθήκη | Τρέχουσα τοποθεσία | Barcode | Αριθμός εισαγωγής | Ημερομηνία απόκτησης | Ταξιθετικό σύμβολο | Αριθμός αντιτύπου | Κατάσταση απόσυρσης | Κατάσταση χαμένου | Κατάσταση κατεστραμμένου | Μη δανεισμός | Σύνολο δανεισμών | Ημερομηνία τελευταίας εμφάνισης | Η τιμή ισχύει από |
|---|---|---|---|---|---|---|---|---|---|---|---|---|---|---|
| Books | MC Athens Campus Library | MC Athens Campus Library | 9780000040398 | 3624 | 05/06/2025 | 658.1/554 PEA | 1 | 05/06/2025 | 05/06/2025 |